Score 0/16 Timer 02:00
0 Plays Today
Clue 4-letter word % Correct
Long _____ Silver, fictional pirateJOHN
97.5%
Captain _____ Sparrow, fictional pirateJACK
94%
Veggie that comes in earsCORN
93.3%
The start of the dayMORN
92.5%
Owl's callHOOT
92.4%
ConnectJOIN
91.8%
Pirate's treasureLOOT
88.9%
Actress Crawford or CusackJOAN
88.7%
Clue 4-letter word % Correct
Cut of meat from the side of an animalLOIN
88.1%
Wail in pain or anguishMOAN
87.5%
Captain _____, fictional pirateHOOK
86.9%
Red Scare lawyer RoyCOHN
83.9%
Diving birdLOON
83.5%
Chop roughlyHACK
81.2%
Animal's leg jointHOCK
75%
___ Lafitte, pirate in the Gulf of MexicoJEAN
46.9%

Today's Daily Dose

Remove Ads.
Support Sporcle.
Get the best of Sporcle when you Go Orange. This ad-free experience offers more features, more stats, and more fun while also helping to support Sporcle. Thank you for becoming a member.

You're not logged in!

Compare scores with friends on all Sporcle quizzes.
OR
Log In

Show Comments

Extras

Top Quizzes Today


Score Distribution

Your Account Isn't Verified!

In order to create a playlist on Sporcle, you need to verify the email address you used during registration. Go to your Sporcle Settings to finish the process.

Report this User

Report this user for behavior that violates our Community Guidelines.

Details: